Fruit and Vegetable Idioms Quiz Stats

 Plays Quiz Updated Jun 20, 2018

Score 0/24 Timer 04:00
7 Plays Today
% Correct
Couch potato
92.5%
Working for peanuts
90.5%
The cherry on top
90.4%
A hard nut to crack
89.9%
Pea-brained
89.3%
The fruit of one's labor
89%
Spill the beans
89%
Cool as a cucumber
89%
Like apples and oranges
88.8%
Forbidden fruit
88.8%
Rotten apple
88.7%
Like two peas in a pod
88.5%
% Correct
The apple of one’s eye
87.9%
Banana republic
87.6%
Top banana
87.4%
Olive branch
87.2%
In a pickle
87.1%
The apple never falls far from the tree
86.7%
Salad Days
86.2%
Apple polisher
85.5%
Sour grapes
84%
Cherry-pick
83.8%
To go bananas
79.4%
Hot potato
69.4%

You're not logged in!

Compare scores with friends on all Sporcle quizzes.
OR
Log In

Sporcle TV

Today on Sporcle TV


Watch our educational content, quiz creation guides, and fun videos on Sporcle TV.

Show Comments

Extras

Top Quizzes Today


Score Distribution

Your Account Isn't Verified!

In order to create a playlist on Sporcle, you need to verify the email address you used during registration. Go to your Sporcle Settings to finish the process.

Report this User

Report this user for behavior that violates our Community Guidelines.

Details: